• 首页
  • 本馆介绍
  • 公告通知
  • 最新文献
  • 馆藏检索
  • 电子资源
  • 读者导购
  • 参考咨询
  • 我的图书馆
  • 登录
  • 详细信息显示
  • 放入我的书架
  • 预约/预借图书
  • 作者相关作品
  • 分类相关作品
  • 丛书相关作品
  • 出版社相关作品

书目信息

  • 表格格式
  • 工作单格式
  • 卡片格式
题名:
新的实践新的探索
    
 
作者: ;中华全国新闻工作者协会 河北省新闻工作者协会 编
分册:  
出版信息: 北京   光明日报出版社  1986
页数: 378页
开本: 20cm
丛书名:
单 册:
中图分类: G212.1
科图分类:
主题词: 新闻学 , 新闻工作
电子资源:
ISBN:
000 00905nam0 2200229 450
001 0754298883
005 20070726101531.98
010    @dCNY2.30
091    @a7263.072
100    @a20070722d1986 km y0chiy0120 ea
101 0  @achi
102    @aCN@b110000
200 1  @a新的实践新的探索@Axin de shi jian xin de tan suo@e中国特色新闻业务讲座@f中华全国新闻工作者协会 河北省新闻工作者协会编@Fzhong hua quan guo xin wen gong zuo zhe xie hui he bei sheng xin wen gong zuo zhe xie hui bian
210    @a北京@c光明日报出版社@d1986
215    @a378页@d20cm
517 1  @a中国特色新闻业务讲座@Azhong guo te se xin wen ye wu jiang zuo
606 0  @a新闻学
606 0  @a新闻工作
690    @aG212.1@v3
711 02 @a中华全国新闻工作者协会 河北省新闻工作者协会@Azhong hua quan guo xin wen gong zuo zhe xie hui he bei sheng xin wen gong zuo zhe xie hui@4编
801  0 @aCN@bPFT@c20070726
905    @a10447@dG212.1@e248
    
    新的实践新的探索:中国特色新闻业务讲座/中华全国新闻工作者协会 河北省新闻工作者协会编.-北京:光明日报出版社,1986
    378页;20cm
    
    
    ISBN :CNY2.30
    
●
相关链接 在E读中查询图书 在五车中查询图书 在当当中查询图书 在豆瓣中查询图书


正题名:新的实践新的探索     索取号:G212.1/248         预约/预借

序号 登录号 条形码 馆藏地/架位号 状态 备注
1 0783451   207834511   第一样本阅览室/ [索取号:G212.1/248] 在馆    
唐山师范学院图书馆 欢迎您!
大连网信软件有限公司© 版权所有